দি মার্চেন্ট অফ ভেনিস / (Record no. 65305)
[ view plain ]
| 000 -LEADER | |
|---|---|
| fixed length control field | 00975nam a2200241 a 4500 |
| 001 - CONTROL NUMBER | |
| control field | 65305 |
| 003 - CONTROL NUMBER IDENTIFIER | |
| rucl marc code | BD-RjUL |
| 005 - DATE AND TIME OF LATEST TRANSACTION | |
| control field | 20211209081416.0 |
| 008 - FIXED-LENGTH DATA ELEMENTS--GENERAL INFORMATION | |
| fixed length control field | 170304s1956 ii |||| |||| 00| 0 ben d |
| 020 ## - INTERNATIONAL STANDARD BOOK NUMBER | |
| Terms of availability | Tk. 2.75 |
| 035 ## - SYSTEM CONTROL NUMBER | |
| System control number | (BD-RjUL)65435 |
| 040 ## - CATALOGING SOURCE | |
| Original cataloging agency | BD-RjUL |
| Language of cataloging | ben |
| Transcribing agency | BD-RjUL |
| Modifying agency | BD-RjUL |
| 041 ## - LANGUAGE CODE | |
| Language code of text/sound track or separate title | ben |
| 082 ## - DEWEY DECIMAL CLASSIFICATION NUMBER | |
| Edition number | 23 |
| Classification number | 822.33 |
| Author mark and year | SHM 1956 |
| 100 ## - MAIN ENTRY--PERSONAL NAME | |
| Personal name | শেকসপীয়র, উইলিয়ম |
| 9 (RLIN) | 193289 |
| 245 ## - TITLE STATEMENT | |
| Title | দি মার্চেন্ট অফ ভেনিস / |
| Statement of responsibility, etc. | উইলিয়ম শেকসপীয়র |
| 260 ## - PUBLICATION, DISTRIBUTION, ETC. (IMPRINT) | |
| Place of publication, distribution, etc. | কলকাতা : |
| Name of publisher, distributor, etc. | বঙ্গীয় শেক্সপীয়র পরিষদ, |
| Date of publication, distribution, etc. | ১৯৫৬ |
| 300 ## - PHYSICAL DESCRIPTION | |
| Pagination | ১১৬ পৃ. ; |
| Size | ১৮ সেমি. |
| 650 ## - SUBJECT ADDED ENTRY--TOPICAL TERM | |
| Topical term or geographic name as entry element | ইংলিশ সাহিত্য |
| Form subdivision | অনুবাদ |
| 9 (RLIN) | 182973 |
| Topical term or geographic name as entry element | English literature |
| Form subdivision | Translation |
| 9 (RLIN) | 193290 |
| 700 ## - ADDED ENTRY--PERSONAL NAME | |
| Personal name | চট্টোপাধ্যায়, সুনীলকুমার |
| 942 ## - ADDED ENTRY ELEMENTS (KOHA) | |
| Source of classification or shelving scheme | Dewey Decimal Classification |
| Koha item type | Books |
| Lost status | Source of classification or shelving scheme | Damaged status | Not for loan | Collection code | Permanent Location | Current Location | Shelving location | Date acquired | Source of acquisition | Cost, normal purchase price | Total Checkouts | Full call number | Date last seen | Copy number | Koha item type |
|---|---|---|---|---|---|---|---|---|---|---|---|---|---|---|---|
| Dewey Decimal Classification | Not For Loan | Non-fiction | Central Library, University of Rajshahi | Central Library, University of Rajshahi | Reading Room | 29/05/1973 | Uttorbango lib.,Rajshahi. | 2.25 | B 822.33 SHM 1956 | 04/03/2017 | C-1 | Books |